000 00766nas a2200253 i 4500
001 1777
003 ES-MaACL
005 20250809062529.0
007 t|
008 950801d18761879sp s| | 1 ||pa d
022 _a2480-0198
080 _a34
245 0 0 _aRevista de beneficiencia, sanidad y establecimientos penales /
_cdir. Eleuterio Llofrin y Sagrera.
260 _aMadrid :
_bImp. de Díaz y Teodoro,
_c1876-1879 (
_fM. Minuesa)
300 _a1 v. ;
_c30 cm.
310 _aQuincenal
362 0 _aAño I (18 marzo de 1876)-(1879)
650 1 4 _aHigiene. Sanidad.
_913357
650 1 7 _aDerecho
_2embne
_911602
700 1 _aLlofrin y Sagrera, Eleuterio,
_edir.
_9194288
852 _aES-MaACL
_jHem-655
866 0 _o1876-1879
999 _c1777
_d1777